[Event "ICS rated blitz match"]
[Site "204.178.125.65"]
[Date "1999.12.18"]
[Round "?"]
[White "Hossa"]
[Black "Zippy"]
[Result "0-1"]
[WhiteElo "2470"]
[BlackElo "2209"]
[PlyCount "90"]

1. d4 Nf6 2. c4 e6 3. Nf3 d5 4. Nc3 Be7 5. Bg5 h6 6. Bh4 g5 7. Bg3 Bb4 8. cxd5
exd5 9. Qa4+ Nc6 10. Ne5 Bd7 11. Nxc6 Bxc3+ 12. bxc3 Bxc6 13. Qb3 O-O 14. h4
Ne4 15. Be5 f6 16. Bh2 a5 17. f3 Nd6 18. hxg5 fxg5 19. Qc2 Be8 20. Be5 h5 21.
e4 dxe4 22. fxe4 Bg6 23. Bd3 Nf7 24. Bc4 b5 25. Bxb5 Nxe5 26. dxe5 Qe7 27. Bc4+
Kh8 28. e6 Qc5 29. Qe2 h4 30. Rd1 Rab8 31. e7 Qxe7 32. Bd5 Qc5 33. Rc1 c6 34.
Bc4 Bxe4 35. Ba6 Bxg2 36. Qh5+ Kg7 37. Rxh4 Qe3+ 38. Kd1 Rfd8+ 39. Rd4 Rxd4+
40. cxd4 Rb2 41. Qxg5+ Qxg5 42. Rc2 Bf3+ 43. Ke1 Qe3+ 44. Kf1 Rb1+ 45. Rc1
Rxc1# 0-1

[Event "ICS rated blitz match"]
[Site "204.178.125.65"]
[Date "1999.12.18"]
[Round "?"]
[White "Hossa"]
[Black "joejan"]
[Result "1-0"]
[WhiteElo "2444"]
[BlackElo "2158"]
[PlyCount "77"]

1. e4 c5 2. Nf3 d6 3. d4 cxd4 4. Nxd4 Nf6 5. Nc3 a6 6. Bg5 e6 7. f4 h6 8. Bxf6
Qxf6 9. g3 g5 10. Nde2 Bg7 11. Qxd6 Nc6 12. O-O-O Qe7 13. Rg1 Qxd6 14. Rxd6 Ke7
15. Rd1 Bd7 16. Bh3 b5 17. Rd2 Rac8 18. Rgd1 Rc7 19. f5 Rhc8 20. Nd5+ exd5 21.
exd5 Bf6 22. d6+ Ke8 23. dxc7 Rxc7 24. Rd6 Ke7 25. a3 a5 26. R6d5 b4 27. Re1
Kf8 28. Rd6 Kg7 29. axb4 Nxb4 30. c3 Bb5 31. Kd2 Be5 32. f6+ Kg6 33. Nf4+ Bxf4+
34. gxf4 Na6 35. Re7 Nc5 36. Ke3 Rc6 37. Rxc6 Bxc6 38. f5+ Kxf6 39. Rc7 1-0

[Event "ICS rated standard match"]
[Site "204.178.125.65"]
[Date "1999.12.18"]
[Round "?"]
[White "RebelTiger"]
[Black "Hossa"]
[Result "1/2-1/2"]
[WhiteElo "2219"]
[BlackElo "2278"]
[PlyCount "108"]

1. d4 Nf6 2. c4 e6 3. Nf3 d5 4. Nc3 Be7 5. Bf4 dxc4 6. e3 Nd5 7. Be5 f6 8. Bg3
Nxc3 9. bxc3 Qd5 10. Bxc7 Nc6 11. Nd2 b5 12. a4 b4 13. Rc1 Ba6 14. Bg3 bxc3 15.
Rxc3 Bb4 16. Rc2 O-O 17. Be2 c3 18. Nf3 Bxe2 19. Qxe2 Qb3 20. O-O Rfc8 21. Rfc1
Qxa4 22. Qc4 Nd8 23. Qe2 Ba3 24. Ra1 Qb3 25. Qd3 a5 26. Nd2 Qb4 27. Ne4 Bb2 28.
Rb1 a4 29. Nxc3 Rxc3 30. Rxc3 Qxc3 31. Qb5 Ba3 32. Qe8+ Bf8 33. Bd6 Nf7 34.
Qxa8 Nxd6 35. Qxa4 Qd2 36. Qb3 Kf7 37. Ra1 Be7 38. Qa2 Ne4 39. Qxd2 Nxd2 40. f3
f5 41. Ra7 h5 42. Kf2 Nc4 43. Ke2 Nd6 44. Kd3 g6 45. e4 g5 46. e5 Nb5 47. Rb7
Na3 48. Kc3 g4 49. Kb3 gxf3 50. gxf3 Nb1 51. Kc2 Na3+ 52. Kb3 Nb1 53. Kc2 Na3+
54. Kb3 Nb1 1/2-1/2

[Event "ICS rated blitz match"]
[Site "204.178.125.65"]
[Date "1999.12.18"]
[Round "?"]
[White "PostModernist"]
[Black "Hossa"]
[Result "1/2-1/2"]
[WhiteElo "2592"]
[BlackElo "2449"]
[PlyCount "107"]

1. d4 Nf6 2. Nf3 g6 3. c4 Bg7 4. Nc3 O-O 5. e4 d6 6. Be2 Na6 7. O-O e5 8. Re1
exd4 9. Nxd4 Re8 10. Bf1 Nc5 11. f3 Ne6 12. Be3 Bd7 13. Be2 Qe7 14. Nd5 Nxd5
15. cxd5 Nxd4 16. Bxd4 f5 17. Rc1 Rac8 18. exf5 Bxf5 19. b3 Bf6 20. Bxa7 b6 21.
Bb5 Qxe1+ 22. Qxe1 Rxe1+ 23. Rxe1 Bd4+ 24. Kh1 Kf7 25. g4 Ra8 26. gxf5 gxf5 27.
Bxb6 cxb6 28. a4 Rg8 29. Bd3 Re8 30. Rxe8 Kxe8 31. Bxf5 h6 32. Kg2 Be5 33. b4
Bc3 34. b5 Be5 35. h4 Kf7 36. a5 bxa5 37. b6 Bd4 38. b7 Ba7 39. Bd7 Ke7 40. Bc6
Kd8 41. Kf1 Kc7 42. Ke2 h5 43. f4 Bd4 44. Kf3 Bf6 45. Kg3 Kb8 46. Be8 Kxb7 47.
Bxh5 Kb6 48. Bd1 Kc5 49. Bb3 Kb4 50. Ba2 Ka3 51. Bc4 Kb4 52. Ba2 Ka3 53. Bc4
Kb4 54. Ba2 1/2-1/2

[Event "ICS rated blitz match"]
[Site "204.178.125.65"]
[Date "1999.12.18"]
[Round "?"]
[White "Hossa"]
[Black "PostModernist"]
[Result "0-1"]
[WhiteElo "2455"]
[BlackElo "2586"]
[PlyCount "138"]

1. e4 c6 2. d4 d5 3. exd5 cxd5 4. c4 Nf6 5. Nc3 Nc6 6. Bg5 e6 7. Nf3 Be7 8. Be2
O-O 9. O-O dxc4 10. Bxc4 a6 11. Rc1 Qc7 12. Ne2 Rd8 13. Re1 Bd7 14. Qc2 Rac8
15. Bd3 g6 16. Qb3 b5 17. Ne5 Qd6 18. Nxd7 Qxd7 19. Be3 Bb4 20. Rf1 Bd6 21. a3
Ng4 22. h3 Nxe3 23. fxe3 Qe7 24. Kh1 Qg5 25. Rc3 b4 26. axb4 Nxb4 27. Bc4 Rb8
28. Qa4 Nd5 29. Bxd5 Qxd5 30. Rc2 Qe4 31. Qc4 Qxe3 32. Qxa6 Qe4 33. Qc4 Rb7 34.
Rd2 Rdb8 35. Nc3 Qh4 36. Qd3 Rxb2 37. Rxb2 Rxb2 38. Ne4 Be7 39. Qf3 f5 40. Qc3
Rb8 41. Nd2 Qg5 42. Nf3 Qf4 43. Qc4 Qd6 44. Re1 Rb6 45. Ne5 Kg7 46. Nd3 Bh4 47.
Rd1 Bg3 48. Rf1 h5 49. Nc5 Qd5 50. Qc3 Bd6 51. Qa1 Rb4 52. Rd1 Rc4 53. Qa7+ Kh6
54. Na4 Qe4 55. Qa6 Qf4 56. Qxd6 Qxd6 57. Nb2 Rb4 58. Rd2 Qf4 59. Rc2 Qxd4 60.
Rc4 Qxb2 61. Rxb4 Qxb4 62. g3 Qe1+ 63. Kg2 Kg5 64. Kf3 Qd2 65. h4+ Kf6 66. g4
hxg4+ 67. Kg3 g5 68. hxg5+ Kg6 69. Kh4 Qf2# 0-1

[Event "ICS rated blitz match"]
[Site "204.178.125.65"]
[Date "1999.12.18"]
[Round "?"]
[White "Beadle"]
[Black "Hossa"]
[Result "1-0"]
[WhiteElo "2570"]
[BlackElo "2445"]
[PlyCount "159"]

1. d4 Nf6 2. c4 e6 3. Nf3 d5 4. Nc3 Be7 5. Bg5 h6 6. Bh4 g5 7. Bg3 Bb4 8. e3
Ne4 9. Qb3 Nc6 10. Bd3 Nxg3 11. hxg3 dxc4 12. Bxc4 Bd6 13. d5 Na5 14. Qa4+ c6
15. dxc6 Nxc6 16. O-O-O Qe7 17. Ne4 Bc7 18. Bb5 Rb8 19. Bxc6+ bxc6 20. Qxc6+
Kf8 21. Qc3 e5 22. Nfxg5 Kg7 23. Nf3 Bb7 24. Rh4 Rhc8 25. Kb1 Kg8 26. Ka1 Bd6
27. Qd3 Bxe4 28. Qxe4 Qe6 29. Qg4+ Qxg4 30. Rxg4+ Kh7 31. b3 Rd8 32. Ra4 Rb7
33. Rc4 Rbd7 34. b4 Kg6 35. Rh1 f6 36. Nh4+ Kg5 37. f4+ exf4 38. gxf4+ Kg4 39.
Ng6 Re8 40. Rh3 Kf5 41. Rg3 h5 42. e4+ Ke6 43. f5+ Kf7 44. Rh3 Kg7 45. Rxh5 Bg3
46. Rh3 Bb8 47. g4 Rd2 48. Rh1 Bd6 49. Kb1 a6 50. Rh5 Rg2 51. Rd4 Rg1+ 52. Kb2
Rd8 53. Kb3 Rg3+ 54. Ka4 Rxg4 55. Rh3 Be7 56. Rhd3 Rxd4 57. Rxd4 Kf7 58. Ka5
Ke8 59. a4 Bd8+ 60. Kxa6 Bc7 61. b5 Rg1 62. b6 Bg3 63. e5 fxe5 64. Rg4 e4 65.
b7 Rb1 66. Rxg3 Kf7 67. Ne5+ Ke7 68. f6+ Kxf6 69. Nd7+ Kf5 70. Nb6 Rc1 71. b8=Q
Rc2 72. Qf8+ Ke5 73. Nd7+ Kd5 74. Qf5+ Kd6 75. Rg6+ Kc7 76. Qe5+ Kd8 77. Rg8+
Kxd7 78. Rg7+ Kd8 79. Qe7+ Kc8 80. Qe8# 1-0

[Event "ICS rated standard match"]
[Site "204.178.125.65"]
[Date "1999.12.18"]
[Round "?"]
[White "Beadle"]
[Black "Hossa"]
[Result "1/2-1/2"]
[WhiteElo "2390"]
[BlackElo "2277"]
[PlyCount "319"]

1. d4 Nf6 2. Nf3 g6 3. c4 Bg7 4. Nc3 O-O 5. e4 d6 6. Be2 Na6 7. O-O e5 8. dxe5
dxe5 9. Bg5 Qxd1 10. Raxd1 Re8 11. a3 Nc5 12. Bxf6 Bxf6 13. b4 Ne6 14. Rfe1 c6
15. Rd6 a5 16. c5 axb4 17. axb4 Ra3 18. Rc1 Bg7 19. Bc4 Bh6 20. Rc2 Ra1+ 21.
Bf1 Bg7 22. Ne2 Rb1 23. Rc4 Rb2 24. Nc1 Nf4 25. g3 Bg4 26. Ng5 Ne6 27. Nd3 Ra2
28. Nc1 Ra1 29. h3 Nxg5 30. hxg4 Nxe4 31. Rxe4 Rxc1 32. Rd7 Rb8 33. g5 Kf8 34.
Kg2 Ke8 35. Rc7 Rd1 36. Bc4 Rd7 37. Rxd7 Kxd7 38. Bxf7 Rh8 39. Rh4 Ke7 40. Bc4
h6 41. gxh6 Rxh6 42. Re4 g5 43. Re3 Kd7 44. b5 cxb5 45. Bxb5+ Ke7 46. Kf3 Rh2
47. Bd3 Kd7 48. Be4 Bf8 49. Rc3 Kc7 50. Rc2 b6 51. cxb6+ Kxb6 52. Rb2+ Ka5 53.
Bd3 Bb4 54. g4 Bc3 55. Rb5+ Ka4 56. Kg3 Rh1 57. Rb7 Rg1+ 58. Kh3 Bd4 59. f3 Be3
60. Kh2 Rc1 61. Be4 Bf4+ 62. Kg2 Rc8 63. Kf2 Ka3 64. Ke2 Rd8 65. Bd3 Rd4 66.
Rb6 Rb4 67. Rc6 Kb3 68. Bc2+ Kb2 69. Be4 Ra4 70. Bd3 Rd4 71. Rc2+ Kb3 72. Rc5
Rd6 73. Rc8 Rh6 74. Bc2+ Kb4 75. Kd3 Rd6+ 76. Ke4 Kb5 77. Kf5 Ka6 78. Rb8 Rb6
79. Bd3+ Ka7 80. Rc8 Rd6 81. Rc3 Kb6 82. Be4 Rd8 83. Ke6 Rd2 84. Rc6+ Kb5 85.
Bd5 Rd3 86. Rc7 Rd4 87. Rc3 Ka4 88. Rc6 Kb4 89. Rc2 Kb5 90. Rc8 Kb6 91. Be4 Kb5
92. Bb7 Rd1 93. Bc6+ Kb6 94. Be4 Rd4 95. Kf5 Kb5 96. Rc7 Kb4 97. Ke6 Rc4 98.
Rd7 Rc5 99. Kf6 Kb3 100. Kf5 Kc4 101. Rd8 Rc7 102. Ke6 Kb4 103. Rd3 Rc1 104.
Kf5 Kc5 105. Rd5+ Kc4 106. Rd7 Rh1 107. Kg6 Kc5 108. Rh7 Rxh7 109. Kxh7 Bd2
110. Kg6 Kd4 111. Kf6 Bf4 112. Bb7 Kc4 113. Ba8 Kd3 114. Bd5 Ke3 115. Kf5 Kd3
116. Be4+ Kc4 117. Ke6 Kc3 118. Kd5 Kd2 119. Kd6 Ke1 120. Ke6 Kf2 121. Kf5 Ke3
122. Ba8 Kd4 123. Bb7 Ke3 124. Bc6 Kd4 125. Ke6 Kc5 126. Be4 Kc4 127. Bd5+ Kc3
128. Bc6 Kd4 129. Ba8 Kd3 130. Bb7 Kd4 131. Ke7 Kc5 132. Be4 Kb5 133. Bd5 Kb4
134. Kf6 Kc3 135. Kf7 Kd2 136. Ke7 Ke3 137. Kf6 Kd3 138. Ba8 Ke2 139. Be4 Kd1
140. Ke6 Ke1 141. Kd6 Kf2 142. Kd7 Kg1 143. Bc6 Kg2 144. Ke6 Kf2 145. Kf6 Ke3
146. Bb7 Kd2 147. Kf7 Ke2 148. Be4 Ke3 149. Kg6 Kd4 150. Kf6 Bd2 151. Ke6 Bf4
152. Kd6 Bg3 153. Ke7 Bh2 154. Ke8 Bf4 155. Bb7 Kc5 156. Ke7 Kc4 157. Bc6 Bh2
158. Ke6 Bf4 159. Bd7 Kd4 160. Bc8 1/2-1/2

[Event "ICS rated bullet match"]
[Site "204.178.125.65"]
[Date "1999.12.18"]
[Round "?"]
[White "Hossa"]
[Black "JohnnyReb"]
[Result "1-0"]
[WhiteElo "2513"]
[BlackElo "2397"]
[PlyCount "75"]

1. d4 Nf6 2. c4 g6 3. Nc3 d5 4. Bf4 Bg7 5. e3 c5 6. Nf3 O-O 7. dxc5 Ne4 8. Nxd5
Bxb2 9. Nc7 Bc3+ 10. Ke2 Bxa1 11. Qxa1 Bg4 12. Qd4 Qxd4 13. exd4 Nc6 14. Nxa8
Rxa8 15. Ke3 Nc3 16. d5 Bxf3 17. gxf3 Nb4 18. a3 Nba2 19. Bh3 Rd8 20. Bc7 Re8
21. c6 bxc6 22. Bd7 Ra8 23. dxc6 Na4 24. Ra1 N4c3 25. Kd3 a5 26. Be5 f6 27.
Bxc3 Nxc3 28. Kxc3 Ra7 29. Rb1 Kf7 30. Rb7 Ra8 31. c7 Kg7 32. Rb8 Ra7 33. c8=Q
Kh6 34. Qf8+ Kh5 35. Bg4+ Kg5 36. Rb5+ e5 37. h4+ Kxh4 38. Qh6# 1-0

[Event "ICS rated blitz match"]
[Site "204.178.125.65"]
[Date "1999.12.18"]
[Round "?"]
[White "chalon"]
[Black "Hossa"]
[Result "0-1"]
[WhiteElo "2187"]
[BlackElo "2435"]
[PlyCount "118"]

1. e4 c6 2. d4 d5 3. Nc3 dxe4 4. Nxe4 Bf5 5. Ng3 Bg6 6. h4 h6 7. Nf3 Nd7 8. h5
Bh7 9. Bd3 Bxd3 10. Qxd3 Qc7 11. Bd2 e6 12. Qe2 Ngf6 13. O-O-O Bd6 14. Nf5 O-O
15. Nxd6 Qxd6 16. Kb1 Rad8 17. Ne5 c5 18. Nxd7 Nxd7 19. Be3 Qc6 20. f3 cxd4 21.
Bxd4 b6 22. g4 Rfe8 23. Bc3 Nc5 24. Qe3 Rd5 25. Rxd5 exd5 26. Qd4 Ne6 27. Qd3
Re7 28. Bd2 Nc5 29. Qd4 Re2 30. Re1 Ne6 31. Qd3 Nf4 32. Qd4 Qc4 33. Qxc4 dxc4
34. Rxe2 Nxe2 35. Be3 c3 36. b3 f5 37. a4 fxg4 38. fxg4 Kf7 39. b4 Ke6 40. Ka2
Ke5 41. Kb3 Ke4 42. Bf2 Kf3 43. Be1 Kxg4 44. b5 Kxh5 45. a5 Nd4+ 46. Kc4 Nxc2
47. Bf2 Na3+ 48. Kxc3 Nxb5+ 49. Kb4 Nd6 50. axb6 axb6 51. Bxb6 Ne4 52. Kc4 Kg4
53. Kd4 Kf5 54. Ke3 h5 55. Bd8 g5 56. Be7 h4 57. Kf3 h3 58. Bd8 g4+ 59. Ke2 h2
0-1

[Event "ICS rated blitz match"]
[Site "204.178.125.65"]
[Date "1999.12.18"]
[Round "?"]
[White "Hossa"]
[Black "chalon"]
[Result "1-0"]
[WhiteElo "2441"]
[BlackElo "2181"]
[PlyCount "37"]

1. d4 Nf6 2. c4 g6 3. Nc3 Bg7 4. e4 d6 5. f3 c6 6. Be3 a6 7. Bd3 O-O 8. Qd2 e5
9. dxe5 dxe5 10. O-O-O Nbd7 11. Nge2 Re8 12. Bh6 Qe7 13. Bxg7 Kxg7 14. g4 Nc5
15. Ng3 Be6 16. Be2 Rad8 17. Qg5 Bc8 18. Rxd8 Rxd8 19. Nh5+ 1-0

[Event "ICS rated blitz match"]
[Site "204.178.125.65"]
[Date "1999.12.18"]
[Round "?"]
[White "JimmyTheTurk"]
[Black "Hossa"]
[Result "0-1"]
[WhiteElo "2110"]
[BlackElo "2447"]
[PlyCount "48"]

1. d4 Nf6 2. Nf3 g6 3. Bf4 Bg7 4. h3 c5 5. c3 cxd4 6. cxd4 Nc6 7. e3 Nd5 8. Bh2
d6 9. Be2 Qc7 10. O-O Bf5 11. Na3 a6 12. Rc1 O-O 13. Qb3 e6 14. Bd3 Bxd3 15.
Qxd3 Rac8 16. Nd2 Rfd8 17. b3 Ndb4 18. Qb1 b5 19. Rfd1 Qa5 20. Nc2 Nxa2 21. b4
Ncxb4 22. Nb3 Qa4 23. Nxb4 Nxc1 24. Nxc1 Qxd1# 0-1

[Event "ICS rated blitz match"]
[Site "204.178.125.65"]
[Date "1999.12.18"]
[Round "?"]
[White "Hossa"]
[Black "JimmyTheTurk"]
[Result "1-0"]
[WhiteElo "2451"]
[BlackElo "2106"]
[PlyCount "63"]

1. d4 Nf6 2. c4 e5 3. dxe5 Ne4 4. Nd2 Bb4 5. Qc2 Nxd2 6. Bxd2 Qe7 7. f4 Nc6 8.
O-O-O Nd4 9. Bxb4 Nxc2 10. Bxe7 Ne3 11. Bc5 Nxd1 12. Kxd1 b6 13. Bd4 Bb7 14. e3
O-O 15. c5 Bd5 16. cxb6 axb6 17. a3 Bb3+ 18. Kd2 c5 19. Bc3 Bd5 20. Nf3 h6 21.
Bd3 Rfd8 22. Ke2 Bc6 23. Rd1 Ra7 24. Bc2 Raa8 25. e4 Kf8 26. Ke3 Ke7 27. g4 Rh8
28. f5 Rhg8 29. Rd6 g5 30. Rxh6 Rh8 31. f6+ Ke6 32. Nxg5# 1-0

[Event "ICS rated blitz match"]
[Site "204.178.125.65"]
[Date "1999.12.18"]
[Round "?"]
[White "JimmyTheTurk"]
[Black "Hossa"]
[Result "0-1"]
[WhiteElo "2102"]
[BlackElo "2455"]
[PlyCount "80"]

1. d4 Nf6 2. Nf3 g6 3. Bf4 Bg7 4. h3 c5 5. c3 cxd4 6. cxd4 Nc6 7. e3 Nd5 8. Bh2
d6 9. Be2 O-O 10. O-O e5 11. dxe5 dxe5 12. e4 Nb6 13. Nc3 Be6 14. Qxd8 Rfxd8
15. Rfd1 Rac8 16. Rxd8+ Rxd8 17. Rd1 Rxd1+ 18. Bxd1 f6 19. a3 Nc4 20. Na4 b5
21. Nc5 Nxb2 22. Nxe6 Nxd1 23. Nc7 Nc3 24. Nd2 Bh6 25. Nb3 Kf7 26. f3 Bf8 27.
Kf1 Bxa3 28. Bg1 a5 29. Bc5 Bb2 30. Ke1 a4 31. Nd2 a3 32. Bxa3 Bxa3 33. Nb3 Nd4
34. Nxd4 exd4 35. Kd2 b4 36. Nd5 b3 37. Nxc3 Bb4 38. Kc1 dxc3 39. Kb1 Ba3 40.
Ka1 c2 0-1

[Event "ICS rated blitz match"]
[Site "204.178.125.65"]
[Date "1999.12.18"]
[Round "?"]
[White "Hossa"]
[Black "JimmyTheTurk"]
[Result "1-0"]
[WhiteElo "2459"]
[BlackElo "2098"]
[PlyCount "105"]

1. d4 Nf6 2. c4 e5 3. dxe5 Ne4 4. Nd2 Bb4 5. Qc2 Nxd2 6. Bxd2 Qe7 7. f4 Nc6 8.
O-O-O O-O 9. e4 d6 10. exd6 cxd6 11. Bxb4 Nxb4 12. Qd2 a5 13. a3 Nc6 14. Nf3
Qxe4 15. Ng5 Qe7 16. Qxd6 Qxd6 17. Rxd6 h6 18. Ne4 Bf5 19. Nc5 Rfe8 20. Nxb7
Rac8 21. Bd3 Bxd3 22. Rxd3 Re2 23. g3 Ne7 24. Nxa5 Nf5 25. Rd2 Re7 26. Rhd1 Kh7
27. b4 Re3 28. Kb2 h5 29. c5 h4 30. g4 Ne7 31. Nc4 Re6 32. Nd6 Rf8 33. f5 Re3
34. a4 Nc6 35. b5 Na5 36. c6 Rb3+ 37. Kc2 Rb4 38. Rd4 Rb3 39. c7 Rh3 40. c8=Q
Rxc8+ 41. Nxc8 Rxh2+ 42. R1d2 Rh3 43. R4d3 Rh1 44. Rd1 Rh2+ 45. Kc3 Ra2 46. Kb4
Nb7 47. R3d2 Rxd2 48. Rxd2 g5 49. a5 h3 50. a6 h2 51. Rxh2+ Kg7 52. axb7 Kf6
53. b8=Q 1-0

[Event "ICS rated blitz match"]
[Site "204.178.125.65"]
[Date "1999.12.18"]
[Round "?"]
[White "ural"]
[Black "Hossa"]
[Result "0-1"]
[WhiteElo "2313"]
[BlackElo "2463"]
[PlyCount "28"]

1. e4 c6 2. b3 d5 3. Bb2 dxe4 4. Nc3 Nf6 5. Nge2 Bg4 6. h3 Bh5 7. g4 Bg6 8. Ng3
h5 9. g5 h4 10. Nge2 Nh7 11. Nf4 Bf5 12. Qh5 g6 13. Qxh4 e5 14. Nfe2 Nxg5 0-1

[Event "ICS rated blitz match"]
[Site "204.178.125.65"]
[Date "1999.12.18"]
[Round "?"]
[White "Hossa"]
[Black "zkiller"]
[Result "1-0"]
[WhiteElo "2472"]
[BlackElo "2461"]
[PlyCount "92"]

1. d4 e6 2. c4 Nf6 3. Nc3 Bb4 4. Qc2 O-O 5. a3 Be7 6. e4 d5 7. e5 Ne8 8. cxd5
exd5 9. Bd3 h6 10. Nf3 Be6 11. Be3 Qd7 12. O-O Nc6 13. Rac1 Bg4 14. Nd2 Rd8 15.
f4 Bc5 16. Nb3 Bb6 17. h3 Bh5 18. Bh7+ Kh8 19. Bf5 Qe7 20. g4 Bg6 21. Bxg6 fxg6
22. Qxg6 Qh4 23. Kh2 Qe7 24. g5 hxg5 25. Qxg5 Qxg5 26. fxg5 Rxf1 27. Rxf1 Nxe5
28. dxe5 Bxe3 29. g6 Kg8 30. Rf3 d4 31. Nd1 Bg5 32. Nc5 Rd5 33. Ne6 Nf6 34.
exf6 Bxf6 35. Nf2 Rd6 36. Nxc7 Be5+ 37. Kh1 Rxg6 38. Nd5 Kh7 39. Ne4 Rc6 40.
Ng5+ Kg6 41. Ne7+ Kxg5 42. Rf5+ Kh4 43. Nxc6 Bf6 44. Nxa7 Kxh3 45. Rb5 Kg3 46.
Rxb7 d3 1-0

[Event "ICS rated blitz match"]
[Site "204.178.125.65"]
[Date "1999.12.18"]
[Round "?"]
[White "zkiller"]
[Black "Hossa"]
[Result "1-0"]
[WhiteElo "2446"]
[BlackElo "2487"]
[PlyCount "165"]

1. d4 Nf6 2. Nf3 g6 3. c4 Bg7 4. e3 c5 5. Be2 cxd4 6. exd4 d5 7. c5 O-O 8. O-O
Nc6 9. Re1 Bf5 10. Bf4 Rc8 11. Ne5 e6 12. Nxc6 bxc6 13. Ba6 Rb8 14. Bxb8 Qxb8
15. Re2 Ng4 16. g3 Qb4 17. Nc3 Bxd4 18. Na4 e5 19. Rd2 Re8 20. Bf1 Nf6 21. a3
Qb7 22. Bg2 Bg4 23. Qf1 a5 24. Rc1 Be6 25. Qd3 Bf5 26. Qe2 Rd8 27. Bf3 Bh3 28.
Nb6 Re8 29. Na4 Re6 30. Qd1 Nd7 31. Bg2 Bxg2 32. Kxg2 Qb5 33. Qc2 Nf6 34. Rd3
Ng4 35. Rb3 Qa6 36. Qd3 Qc8 37. f3 Nf2 38. Qd2 Rf6 39. g4 Qd8 40. Nc3 Qf8 41.
Rf1 Bxc5 42. Na4 Bd4 43. Rxf2 Bxf2 44. Qxf2 e4 45. Qe1 Qd8 46. fxe4 Rf4 47. h3
Rxe4 48. Re3 Rxe3 49. Qxe3 d4 50. Qf4 d3 51. Nc3 Qb6 52. Qd2 Qd4 53. Qf2 Qd7
54. Ne4 Qd5 55. Qf3 Qd4 56. Nd2 Kg7 57. g5 Qxb2 58. Qxd3 h6 59. h4 hxg5 60.
hxg5 c5 61. Kf3 Qe5 62. Ne4 Qf5+ 63. Ke2 Qe5 64. Ke3 Qa1 65. Qc3+ Qxc3+ 66.
Nxc3 f6 67. Ne4 fxg5 68. Nxc5 Kf6 69. a4 Ke5 70. Nb7 Kd5 71. Nxa5 Kc5 72. Nb3+
Kb4 73. a5 Kb5 74. Kf3 Kc4 75. a6 Kd5 76. a7 Ke5 77. a8=Q Ke6 78. Qe8+ Kf6 79.
Kg4 Kg7 80. Kxg5 Kh7 81. Qf7+ Kh8 82. Kh6 g5 83. Qf8# 1-0

[Event "ICS rated blitz match"]
[Site "204.178.125.65"]
[Date "1999.12.18"]
[Round "?"]
[White "Hossa"]
[Black "zkiller"]
[Result "0-1"]
[WhiteElo "2469"]
[BlackElo "2464"]
[PlyCount "152"]

1. d4 e6 2. c4 f5 3. Nc3 Nf6 4. Nf3 Bb4 5. a3 Bxc3+ 6. bxc3 O-O 7. Bf4 Nc6 8.
e3 d6 9. Be2 Ne4 10. Rc1 Qf6 11. O-O e5 12. Bg3 Nxg3 13. fxg3 exd4 14. exd4 Bd7
15. Qb3 Na5 16. Qb4 b6 17. Rce1 Rfe8 18. Rf2 Re3 19. Nd2 Rae8 20. Qb2 c5 21.
Nf1 R3e7 22. Nd2 Nc6 23. Nb3 cxd4 24. cxd4 a5 25. a4 Re4 26. Rd1 Nb4 27. Ra1
Qe7 28. Bf1 Re1 29. Rf3 Rxa1 30. Qxa1 Qe6 31. Qa3 Nc2 32. Qa2 Ne3 33. Nd2 Qf6
34. Qb2 d5 35. cxd5 Bxa4 36. d6 Nxf1 37. Nxf1 Bc6 38. Re3 Rb8 39. Qb3+ Kh8 40.
d5 Bd7 41. Qa3 Ra8 42. Re7 Rd8 43. Kh1 Bb5 44. Re6 Qd4 45. Ne3 Qd2 46. h3 a4
47. Qa1 Rc8 48. Qe5 a3 49. Re7 Qb2 50. Qxf5 Rg8 51. Qe5 Qxe5 52. Rxe5 a2 53.
Nc2 Rc8 54. Re1 Rxc2 55. Kh2 Rd2 56. Rc1 Kg8 57. Rc8+ Kf7 58. Ra8 Kf6 59. g4
Ke5 60. d7 Bxd7 61. Ra7 Bb5 62. Kg3 Bf1 63. h4 Bxg2 64. d6 Kxd6 65. Kf4 Bd5 66.
Ra6 Rd1 67. Rxb6+ Bc6 68. Ra6 Rd4+ 69. Kf5 Ra4 70. Rxa4 Bxa4 71. Kf4 a1=Q 72.
Ke3 Qe1+ 73. Kd3 Kc5 74. g5 Bd1 75. h5 Qe2+ 76. Kc3 Qc2# 0-1

[Event "ICS rated blitz match"]
[Site "204.178.125.65"]
[Date "1999.12.18"]
[Round "?"]
[White "Hossa"]
[Black "osuruk"]
[Result "1-0"]
[WhiteElo "2453"]
[BlackElo "2200"]
[PlyCount "31"]

1. d4 Nf6 2. c4 e6 3. Nf3 b6 4. g3 Bb7 5. Bg2 Be7 6. Nc3 O-O 7. O-O Ne4 8. Nxe4
Bxe4 9. Bf4 d6 10. Bh3 c5 11. Re1 Bf6 12. dxc5 Bxb2 13. cxd6 Nd7 14. Nd2 Bg6
15. e4 Bxe4 16. Nxe4 1-0

[Event "ICS rated blitz match"]
[Site "204.178.125.65"]
[Date "1999.12.18"]
[Round "?"]
[White "rooking"]
[Black "Hossa"]
[Result "0-1"]
[WhiteElo "2110"]
[BlackElo "2459"]
[PlyCount "82"]

1. d4 e6 2. c4 f5 3. Nc3 Nf6 4. h4 d5 5. h5 Nc6 6. Nf3 Bb4 7. h6 g6 8. Bg5 dxc4
9. e3 b5 10. a3 Ba5 11. Qc2 Bb7 12. O-O-O Bxc3 13. bxc3 Na5 14. Kb2 Be4 15. Qe2
Qe7 16. Ne5 O-O-O 17. f3 Bd3 18. Qf2 Bxf1 19. Qh4 Rhf8 20. Rhxf1 Rd6 21. e4 Ra6
22. Ra1 Nb3 23. Ra2 c5 24. Rd1 cxd4 25. cxd4 Rd6 26. Be3 fxe4 27. fxe4 Nc5 28.
Qe1 Ncxe4 29. Qb4 Nd5 30. Qa5 Nxe3 31. Re1 Qh4 32. Ka1 Ng5 33. Qd2 Rf1 34. Rxf1
Nxf1 35. Qc3 Qxd4 36. Rc2 Ne3 37. Rc1 Qxc3+ 38. Rxc3 Rd1+ 39. Kb2 Re1 40. Nf3
Nxf3 41. gxf3 Nd1+ 0-1

[Event "ICS rated blitz match"]
[Site "204.178.125.65"]
[Date "1999.12.18"]
[Round "?"]
[White "Hossa"]
[Black "inmichess"]
[Result "0-1"]
[WhiteElo "2463"]
[BlackElo "2456"]
[PlyCount "110"]

1. d4 c5 2. dxc5 e6 3. Nc3 Bxc5 4. Ne4 Qc7 5. Nh3 Be7 6. Bf4 e5 7. Bc1 Qc6 8.
Nc3 Nf6 9. f4 Bb4 10. Bd2 d6 11. fxe5 dxe5 12. Nf2 O-O 13. Nd3 Bd6 14. Bg5 Bf5
15. Bxf6 gxf6 16. e3 e4 17. Nf4 Be5 18. Ncd5 Qd6 19. Be2 Bxb2 20. Rb1 Qe5 21.
Rxb2 Qxb2 22. Ne7+ Kh8 23. Nxf5 Nc6 24. O-O Qxa2 25. Qd5 Qxd5 26. Nxd5 Rad8 27.
Nxf6 Ne5 28. Nxe4 Rd7 29. Rd1 Rxd1+ 30. Bxd1 a5 31. Ned6 b6 32. c4 Ra8 33. Ba4
Rd8 34. Bb5 Ra8 35. Be8 Ra7 36. Nd4 a4 37. Nc6 Nxc6 38. Nb5 Nb4 39. c5 Re7 40.
c6 Rxe8 41. c7 Rc8 42. Kf2 Nc2 43. g4 Rxc7 44. e4 Rc5 45. Na3 Nxa3 46. e5 Nc2
47. g5 a3 48. g6 hxg6 49. e6 fxe6 50. Kg2 a2 51. Kg3 a1=Q 52. Kf2 Rf5+ 53. Kg2
Qf1+ 54. Kg3 Qf3+ 55. Kh4 Rh5# 0-1

[Event "ICS rated blitz match"]
[Site "204.178.125.65"]
[Date "1999.12.18"]
[Round "?"]
[White "inmichess"]
[Black "Hossa"]
[Result "1-0"]
[WhiteElo "2472"]
[BlackElo "2447"]
[PlyCount "135"]

1. d4 c5 2. d5 f5 3. e3 e5 4. Nh3 Nf6 5. Bc4 d6 6. O-O Bd7 7. a4 h6 8. c3 g5 9.
f4 gxf4 10. exf4 e4 11. Re1 Rg8 12. Qe2 Qe7 13. Nd2 Kd8 14. Nf1 Kc8 15. b4 cxb4
16. cxb4 Bg7 17. Bb2 Ne8 18. Rac1 Nc7 19. Bxg7 Qxg7 20. Ne3 Qg6 21. Bb3 Nba6
22. Rc3 Nxb4 23. Rec1 Nba6 24. Rxc7+ Nxc7 25. Qc2 Kd8 26. Qxc7+ Ke7 27. Bc4 a6
28. Qxb7 Rgb8 29. Qc7 Rb4 30. a5 Rb2 31. Nf2 h5 32. Re1 Rc8 33. Qa7 Rcb8 34.
Bxa6 Rb1 35. Rxb1 Rxb1+ 36. Nfd1 Kd8 37. Bb7 h4 38. Bc6 Bxc6 39. dxc6 Qe6 40.
a6 Qc8 41. Qg7 Qxc6 42. a7 Rc1 43. Qf8+ Kc7 44. a8=Q Qxa8 45. Qxa8 Kd7 46. Qf8
Kc7 47. Qxf5 Kd8 48. Qxe4 Kd7 49. Qh7+ Ke8 50. Qxh4 Kd7 51. Qh7+ Kc6 52. h4 Kb6
53. Qd7 Ka6 54. g4 d5 55. Qxd5 Kb6 56. Nc4+ Kc7 57. Qd6+ Kc8 58. Qf8+ Kc7 59.
Qe7+ Kb8 60. Qd8+ Kb7 61. Qd7+ Kb8 62. Na5 Rxd1+ 63. Qxd1 Kc7 64. Qd4 Kc8 65.
Qa7 Kd8 66. Nc6+ Kc8 67. Nb8 Kd8 68. Qd7# 1-0

[Event "ICS rated bullet match"]
[Site "204.178.125.65"]
[Date "1999.12.18"]
[Round "?"]
[White "Hossa"]
[Black "hamsi"]
[Result "1-0"]
[WhiteElo "2524"]
[BlackElo "2104"]
[PlyCount "21"]

1. d4 d5 2. c4 c6 3. Nf3 Nf6 4. Nc3 e6 5. Bg5 Nbd7 6. e4 dxe4 7. Nxe4 Bb4+ 8.
Ned2 c5 9. a3 Ba5 10. dxc5 Nxc5 11. b4 1-0

[Event "ICS rated blitz match"]
[Site "204.178.125.65"]
[Date "1999.12.18"]
[Round "?"]
[White "Hossa"]
[Black "inmichess"]
[Result "0-1"]
[WhiteElo "2432"]
[BlackElo "2487"]
[PlyCount "100"]

1. d4 c5 2. d5 e5 3. dxe6 fxe6 4. e4 Nc6 5. Bc4 Nf6 6. Nc3 Be7 7. Bf4 O-O 8.
Nge2 Na5 9. Bb3 d5 10. Ba4 Nc4 11. Rb1 d4 12. Bb5 Na5 13. O-O a6 14. Ba4 b5 15.
Nxb5 axb5 16. Bxb5 Nxe4 17. c3 Bd6 18. Bxd6 Nxd6 19. Ba4 e5 20. b4 Bf5 21. bxa5
Bxb1 22. Qxb1 Kh8 23. f4 Rxa5 24. fxe5 Rxf1+ 25. Qxf1 Rxa4 26. exd6 Qxd6 27.
Qf5 Qd8 28. Qc2 Qa8 29. Nc1 Qe8 30. Kf1 Ra6 31. Qd2 Rf6+ 32. Kg1 Qf7 33. Qe1
dxc3 34. h3 c2 35. Qe2 Qe6 36. Qd2 Qf5 37. Qe2 Rf8 38. g4 Qf4 39. Qe1 Rd8 40.
Nd3 Qc4 41. g5 Qxd3 42. Kg2 Qd5+ 43. Kf2 Qf5+ 44. Kg2 Qxg5+ 45. Kh2 Rd2+ 46.
Qxd2 Qxd2+ 47. Kg3 Qe3+ 48. Kg4 c1=Q 49. a3 Qf4+ 50. Kh5 Qd1# 0-1